| 000 | 01478nam0a2200349 4500 | ||
|---|---|---|---|
| 001 | RU\NLR\bibl\1746231 | ||
| 005 | 20250616114724.0 | ||
| 010 |
_a978-5-91905-004-9 _9500 |
||
| 021 |
_aRU _b2011-11258 _9808 |
||
| 035 | _a(nilc)RSL-KNO-004895257 | ||
| 035 | _a(NLR Aleph) 001737126 | ||
| 090 |
_a1436151 _c1436151 |
||
| 100 | _a20110228d2009 |||y0rusy50 ca | ||
| 101 | 0 | _arus | |
| 102 | _aRU | ||
| 105 | _ay ||||||||| | ||
| 200 | 1 |
_aМетодики исследовательской деятельности учащихся в области гуманитарных наук _e[сборник] _fред.-сост.: А. С. Обухов |
|
| 205 | _a2-е изд. | ||
| 210 |
_aМосква _cЖурнал "Исследователь / Researcher" _d2009 |
||
| 215 |
_a215 с. _cил. _d21 |
||
| 225 | 1 |
_aБиблиотека журнала "Исследователь/Researcher" _iСерия "Методическое обеспечение" |
|
| 606 | 1 |
_aГуманитарные науки _jСборники _xНаучно-исследовательская работа школьников _92134677 _3RU\NLR\auth\661287371 |
|
| 686 |
_aЧ426.01,6(2)-253.2я43 _2rubbk |
||
| 686 | _aЧ426.302-268я43 | ||
| 702 | 1 |
_aОбухов _bА. С. _gАлексей Сергеевич _4220 |
|
| 801 | 0 |
_aRU _bRuMoRKP _c20110228 _grcr |
|
| 801 | 1 |
_aRU _bRuMoRGB _c20110228 |
|
| 801 | 2 |
_aRU _bNLR _c20110315 _grcr |
|
| 942 | _cBOOK | ||
| 980 | _aNB | ||